00144 a2200073 450000100060000010000140000624500320002026000180005229099 aNadvi S M aHuman Right and Obligations abIdris H Ac